[Event "Norway Chess 10th"]
[Site "Stavanger"]
[Date "2022.06.07"]
[Round "7"]
[White "Tari, Aryan"]
[Black "Carlsen, Magnus"]
[Result "1/2-1/2"]
[WhiteElo "2654"]
[BlackElo "2864"]
[PlyCount "65"]
[EventDate "2022.05.31"]
[EventType "tourn"]
[EventRounds "9"]
[EventCountry "NOR"]
[EventCategory "21"]
[SourceTitle "CBM 209"]
[Source "ChessBase"]
[SourceDate "2022.08.31"]
[SourceVersion "1"]
[SourceVersionDate "2022.08.31"]
[SourceQuality "1"]

1. e4 e5 2. Nf3 Nc6 3. Nc3 Nf6 4. d4 exd4 5. Nxd4 Bb4 6. Nxc6 bxc6 7. Bd3 d5 8. Bd2 O-O 9. O-O Rb8 10. Re1 Re8 11. h3 ({RR} 11. a3 Bf8 12. b4 h6 13. h3 dxe4 14. Nxe4 Nxe4 15. Bxe4 c5 16. Bf4 Qxd1 17. Raxd1 Bb7 18. Bxb7 Rxe1+ 19. Rxe1 Rxb7 20. Re8 cxb4 21. axb4 Rxb4 22. Bxc7 Rd4 23. Ra8 f6 24. Rxa7 Rc4 25. Bb6 {½-½ (25) Motylev,A (2644)-Karjakin,S (2753) St Petersburg 2018}) 11... Be6 $146 ({RR} 11... dxe4 12. Bxe4 Bxh3 13. Bxc6 Bd7 14. Bf3 Bf5 15. Rxe8+ Qxe8 16. Be3 Bxc3 17. bxc3 Rd8 18. Qb1 Be4 19. Bxe4 Nxe4 20. Qb7 Nxc3 21. Re1 Qe5 22. Qxa7 h6 23. Qa6 Qd5 24. Bf4 Ra8 25. Qd3 Qxd3 26. cxd3 {Kraus,T (2488)-Navara,D (2678) Ostrava, CZ 2024 0-1 (54)}) ({RR} 11... h6 12. Qf3 d4 13. Nb1 Bd6 14. Na3 Bxa3 15. bxa3 Nd7 16. Qg3 Kh8 17. Bf4 Rb7 18. Bc4 Re7 19. Ba6 Rb2 20. Bxc7 Qe8 21. Bc4 Nc5 22. Bd6 Rxe4 23. Rxe4 Nxe4 24. Qf4 Nxd6 25. Qxd6 Rxc2 26. Qxd4 {Hrabinska,M (2130)-Craciun,S (2325) Eforie Nord ROU 2025 ½-½ (37)}) 12. b3 Nd7 13. exd5 cxd5 14. Qf3 Nc5 15. Re2 c6 16. Rae1 g6 17. Nb1 Bxd2 18. Nxd2 Qg5 19. c3 Bd7 20. b4 Rxe2 21. Rxe2 Ne6 22. g3 Qd8 23. h4 a5 24. a3 axb4 25. axb4 Ra8 26. Nb3 Ra3 27. Bc2 Kg7 28. Re3 Qf6 29. Qd1 h5 30. Rf3 Qe5 31. Re3 Qf6 32. Rf3 Qe5 33. Re3 1/2-1/2

[Event "Norway Chess 10th"]
[Site "Stavanger"]
[Date "2022.06.10"]
[Round "9"]
[White "Topalov, Veselin"]
[Black "Carlsen, Magnus"]
[Result "1/2-1/2"]
[WhiteElo "2730"]
[BlackElo "2864"]
[PlyCount "69"]
[EventDate "2022.05.31"]
[EventType "tourn"]
[EventRounds "9"]
[EventCountry "NOR"]
[EventCategory "21"]
[SourceTitle "CBM 209"]
[Source "ChessBase"]
[SourceDate "2022.08.31"]
[SourceVersion "1"]
[SourceVersionDate "2022.08.31"]
[SourceQuality "1"]

1. e4 e5 2. Nf3 Nc6 3. Bc4 Nf6 4. d3 Bc5 5. c3 d6 6. O-O a5 7. Re1 Ba7 8. Nbd2 O-O 9. Nf1 Be6 ({RR} 9... Ne7 10. Ng3 Ng6 11. Bb3 c6 12. d4 exd4 13. cxd4 Bg4 14. Qd3 d5 15. e5 Ne4 16. Nxe4 dxe4 17. Rxe4 Bxf3 18. Qxf3 Bxd4 19. Bf4 a4 20. Bc2 Nxf4 21. Qxf4 c5 22. Rd1 Ra6 23. g3 Re8 24. b4 {Topalov,V (2730)-Carlsen,M (2864) Stavanger 2022 ½-½ (33)}) 10. Bxe6 ({RR} 10. Bb5 Ne7 11. d4 c6 12. Bd3 Ng6 13. h3 Nh5 14. Be3 Nhf4 15. Bc2 Qc8 16. Bb3 exd4 17. Nxd4 Bxd4 18. Qxd4 Bxb3 19. axb3 d5 20. Qd2 Nxh3+ 21. gxh3 Qxh3 22. f4 Nh4 23. Nh2 dxe4 24. Qf2 Rfe8 {So,W (2770)-Carlsen,M (2862) chess24.com INT 2021 ½-½ (54)}) 10... fxe6 11. Be3 Bxe3 12. Rxe3 $146 ({RR} 12. Nxe3 Qd7 13. Qc2 Nh5 14. Rad1 Rxf3 15. gxf3 Qf7 16. Qe2 Nf4 17. Qf1 Qh5 18. Ng4 Rf8 19. Kh1 Ne7 20. d4 exd4 21. cxd4 Neg6 22. Re3 Qh4 23. Rc3 h5 24. Ne3 Nh3 25. Ng2 Nxf2+ 26. Kg1 Nh3+ {Vachier Lagrave,M (2736)-Carlsen,M (2859) chess.com INT 2022 ½-½}) ({RR} 12. Nxe3 d5 13. Qb3 a4 14. Qxb7 Qd7 15. exd5 exd5 16. Nf5 Na5 17. Nxe5 Nxb7 18. Nxd7 Nxd7 19. Ne7+ Kh8 20. Nxd5 c6 21. Re7 Nbc5 22. Nb4 Rae8 23. Rae1 Nf6 24. Rxe8 Rxe8 25. Rxe8+ Nxe8 26. f3 Kg8 {Nemeth Junior,H (2189)-Gonzalez Culi,D (2099) Foz do Iguacu BRA 2025 1-0 (50)}) 12... Qd7 13. Rc1 a4 14. Ng3 Qf7 15. d4 h6 16. Qe2 Ra5 17. h3 Nh5 18. Nxh5 Qxh5 19. Rd1 Qf7 20. a3 exd4 21. cxd4 Ne7 22. g3 Nc8 23. Nh4 Nb6 24. e5 dxe5 25. Rf3 Qe8 26. Rxf8+ Qxf8 27. Ng6 Qe8 28. Nxe5 Rd5 29. Qc2 Qd8 30. Rd3 Rxd4 31. Rxd4 Qxd4 32. Qxc7 Kh7 33. Qc2+ Kg8 34. Qe2 Nd7 35. Nxd7 1/2-1/2

[Event "Olympiad-44"]
[Site "Chennai"]
[Date "2022.07.30"]
[Round "2.1"]
[White "Carlsen, Magnus"]
[Black "Meier, Georg"]
[Result "1-0"]
[WhiteElo "2864"]
[BlackElo "2613"]
[PlyCount "159"]
[EventDate "2022.07.29"]
[EventType "team-swiss"]
[EventRounds "11"]
[EventCountry "IND"]
[SourceTitle "EXT 2023"]
[Source "ChessBase"]
[SourceDate "2022.10.05"]
[SourceVersion "1"]
[SourceVersionDate "2022.10.05"]
[SourceQuality "1"]
[WhiteTeam "Norway"]
[BlackTeam "Uruguay"]
[WhiteTeamCountry "NOR"]
[BlackTeamCountry "URU"]

1. e4 e6 2. d4 d5 3. Nc3 dxe4 4. Nxe4 Nd7 5. c3 Ngf6 6. Bd3 Nxe4 7. Bxe4 Nf6 8. Bc2 c5 9. Nf3 cxd4 10. Nxd4 Bc5 11. O-O Bxd4 ({RR} 11... O-O 12. Re1 Bxd4 13. cxd4 Bd7 14. a4 Nd5 15. Ra3 f5 16. Bb3 Re8 17. Bxd5 exd5 18. Bf4 Rxe1+ 19. Qxe1 Qf8 20. Be5 Rc8 21. h4 g6 22. Qd2 h6 23. Bf4 Kh7 24. Re3 Re8 25. Rc3 Rc8 26. Rxc8 {Santos Latasa,J (2656)-Meier,G (2629) Baku AZE 2023 1-0 (50)}) ({RR} 11... O-O 12. Bg5 Bxd4 13. cxd4 Qd5 14. Bxf6 gxf6 15. Qd3 f5 16. Rfe1 Bd7 17. Qg3+ Kh8 18. Bb3 Qa5 19. d5 Rad8 20. Qh4 Rg8 21. Qf6+ Rg7 22. Rad1 Re8 23. Re3 exd5 24. Rxe8+ Bxe8 25. Bxd5 Kg8 26. Qe7 {Ponomariov,R (2622)-Keinanen,T (2532) Kuressaare EST 2025 1-0}) 12. cxd4 b6 $146 ({RR} 12... Bd7 13. a4 Bc6 14. Ra3 O-O 15. Bg5 h6 16. Bxh6 gxh6 17. Qd2 Ng4 18. h3 Qg5 19. f4 Qh4 20. hxg4 Rfd8 21. g5 hxg5 22. Rh3 Qg4 23. Bd1 Qf5 24. fxg5 Qe4 25. Bh5 Qxd4+ 26. Qxd4 Rxd4 27. Bxf7+ {Antal,G (2563)-Balog,I (2558) Budapest 2019 ½-½ (65)}) ({RR} 12... Bd7 13. a4 Bc6 14. Ra3 Nd5 15. Qg4 g6 16. Bh6 Qe7 17. Bg5 f6 18. Re1 O-O-O 19. Bd2 Rhe8 20. Rh3 Rd7 21. Qg3 Red8 22. Bb3 Nc7 23. Bc3 Bd5 24. Bc2 Na6 25. Bd3 Nb4 26. Bxb4 Qxb4 27. Rc1+ {Li,R (2548)-Meier,G (2651) Saint Louis 2017 ½-½ (32)}) 13. Qd3 Bb7 14. Ba4+ Kf8 15. Bd2 h5 16. Rac1 h4 17. h3 Qd6 18. Bd1 Rd8 19. Re1 Kg8 20. Be3 Nd5 21. Qd2 Nxe3 22. fxe3 Rh6 23. Rf1 Rg6 24. Bg4 f5 25. Bf3 Bxf3 26. Rxf3 Rg3 27. Qf2 e5 28. Rxf5 exd4 29. exd4 Qxd4 30. Rf8+ Kh7 31. Rxd8 Qxd8 32. Qf5+ g6 33. Qf4 Rd3 34. Rc7+ Rd7 35. Rxd7+ Qxd7 36. Qxh4+ Kg7 37. Qf4 Qd5 38. a3 b5 39. Qc7+ Kh6 40. Qxa7 Qd1+ 41. Kh2 Qd6+ 42. Kh1 Qd2 43. b4 Qc1+ 44. Qg1 Qxa3 45. Qe1 Qd3 46. Qh4+ Kg7 47. Qe7+ Kh6 48. Kh2 Qd4 49. h4 Qf4+ 50. Kh3 Qf5+ 51. Kg3 Qd5 52. Qc5 Qd3+ 53. Kh2 Qe4 54. Qg5+ Kh7 55. h5 Qxb4 56. Qxg6+ Kh8 57. Qf6+ Kh7 58. Qf5+ Kg8 59. Qe6+ Kh7 60. Qf7+ Kh8 61. Qf6+ Kh7 62. Kh3 Qe4 63. g4 Qe3+ 64. Kg2 Qe2+ 65. Kg3 Qe1+ 66. Qf2 Qc3+ 67. Kh4 b4 68. Qf7+ Kh8 69. Qe8+ Kg7 70. Qe7+ Kh8 71. h6 b3 72. Kh5 b2 73. Qe8+ Kh7 74. Qe4+ Kh8 75. Kg6 b1=B 76. Qxb1 Qc6+ 77. Kg5 Qc5+ 78. Qf5 Qe3+ 79. Qf4 Qc5+ 80. Kg6 1-0

[Event "Olympiad-44"]
[Site "Chennai"]
[Date "2022.07.31"]
[Round "3.1"]
[White "Vocaturo, Daniele"]
[Black "Carlsen, Magnus"]
[Result "1/2-1/2"]
[WhiteElo "2616"]
[BlackElo "2864"]
[PlyCount "111"]
[EventDate "2022.07.29"]
[EventType "team-swiss"]
[EventRounds "11"]
[EventCountry "IND"]
[SourceTitle "EXT 2023"]
[Source "ChessBase"]
[SourceDate "2022.10.05"]
[SourceVersion "1"]
[SourceVersionDate "2022.10.05"]
[SourceQuality "1"]
[WhiteTeam "Italy"]
[BlackTeam "Norway"]
[WhiteTeamCountry "ITA"]
[BlackTeamCountry "NOR"]

1. e4 c6 2. d4 d5 3. exd5 cxd5 4. Bd3 Nc6 5. c3 e6 6. Bf4 Bd6 7. Bxd6 Qxd6 8. Nf3 Nge7 9. O-O Bd7 10. Re1 O-O 11. Ne5 Nxe5 12. dxe5 Qb6 13. Qb3 Qxb3 14. axb3 Rfd8 $146 ({RR} 14... f6 15. Nd2 Nc6 16. Nf3 a5 17. Bb5 Kf7 18. Ra3 Nb8 19. Bd3 Nc6 20. Bb5 {½-½ (20) Chirilov,J (2212)-Zhou Jianchao (2584) Rockville USA 2025}) 15. Na3 f6 16. Nc2 Nc6 17. exf6 gxf6 18. Bb5 Kf7 19. Bxc6 Bxc6 20. f4 a5 21. Re3 h5 22. Rae1 Bd7 23. Nd4 Ra6 24. Kf2 b5 25. g3 Re8 26. h3 Rh8 27. Kg2 b4 28. Ra1 Re8 29. Rae1 a4 30. bxa4 Rxa4 31. R1e2 Ra2 32. cxb4 Ra4 33. Nc2 Raa8 34. Kf2 Reb8 35. Ra3 Ke7 36. Rd2 Kd6 37. Ne3 Bc6 38. Nc4+ Ke7 39. Na5 Bd7 40. Nb3 Kd6 41. Nc5 Bc6 42. Re3 e5 43. Ne4+ Ke7 44. Nc5 e4 45. Rd4 f5 46. Ra3 Rg8 47. Rxa8 Bxa8 48. Na4 Kd6 49. Nc3 Bc6 50. Nd1 Bd7 51. Ne3 Be6 52. Rd2 Rb8 53. Nc2 Bd7 54. Ne3 Be6 55. Nc2 Bd7 56. Ne3 1/2-1/2

[Event "Olympiad-44"]
[Site "Chennai"]
[Date "2022.08.03"]
[Round "6.1"]
[White "Smirnov, Anton"]
[Black "Carlsen, Magnus"]
[Result "0-1"]
[WhiteElo "2600"]
[BlackElo "2864"]
[PlyCount "80"]
[EventDate "2022.07.29"]
[EventType "team-swiss"]
[EventRounds "11"]
[EventCountry "IND"]
[SourceTitle "EXT 2023"]
[Source "ChessBase"]
[SourceDate "2022.10.05"]
[SourceVersion "1"]
[SourceVersionDate "2022.10.05"]
[SourceQuality "1"]
[WhiteTeam "Australia"]
[BlackTeam "Norway"]
[WhiteTeamCountry "AUS"]
[BlackTeamCountry "NOR"]

1. e4 Nc6 2. Nf3 d6 3. d4 Nf6 4. Nc3 g6 5. h3 Bg7 6. Be3 O-O 7. Qd2 a6 8. Bd3 e5 9. dxe5 Nxe5 10. Nxe5 dxe5 11. O-O-O b5 12. g4 $146 ({RR} 12. Bc5 Be6 13. Qe3 Nd7 14. Bxf8 Qxf8 15. g4 Nc5 16. Kb1 Rb8 17. Ne2 Na4 18. Qa7 Qc8 19. Qe3 Qf8 20. Nc1 c5 21. c3 c4 22. Bc2 Nc5 23. Rd2 Qe7 24. f4 exf4 25. Qxf4 Rc8 26. e5 a5 {Smeets,J (2617)-Loxine,J (2411) Germany 2016 ½-½ (57)}) 12... c6 13. f3 Be6 14. h4 Qa5 15. a3 Rfb8 16. Bc5 h5 17. Bd6 Rb7 18. Kb1 Rd8 19. Bb4 Qc7 20. Ne2 Rd7 21. Bc5 hxg4 22. Ng3 gxf3 23. h5 Qd8 24. hxg6 fxg6 25. Qg5 Kf7 26. Nf5 Nxe4 27. Nh6+ Bxh6 28. Qxh6 Bf5 29. Ka2 Qg8 30. Bxe4 Bxe4 31. Rde1 Kf6+ 32. b3 Rh7 33. Qe3 Rxh1 34. Rxh1 Qd5 35. Kb2 Rd7 36. Rh8 Bf5 37. Rf8+ Rf7 38. Re8 Qe4 39. Qd2 Kg7 40. Bf2 Qe2 0-1

[Event "EU-Cup 37th"]
[Site "Mayrhofen"]
[Date "2022.10.04"]
[Round "2.1"]
[White "Carlsen, Magnus"]
[Black "Naumann, Alexander"]
[Result "1-0"]
[WhiteElo "2856"]
[BlackElo "2513"]
[PlyCount "59"]
[EventDate "2022.10.03"]
[EventType "team-swiss"]
[EventRounds "7"]
[EventCountry "AUT"]
[SourceTitle "EXT 2023"]
[Source "ChessBase"]
[SourceDate "2022.10.05"]
[SourceVersion "1"]
[SourceVersionDate "2022.10.05"]
[SourceQuality "1"]
[WhiteTeam "Offerspill"]
[BlackTeam "Solingen SG"]
[WhiteTeamCountry "NOR"]
[BlackTeamCountry "GER"]

1. e4 e5 2. Nf3 Nc6 3. d4 exd4 4. Nxd4 Nf6 5. Nxc6 bxc6 6. e5 Qe7 7. Qe2 Nd5 8. Nd2 Nf4 ({RR} 8... Rb8 9. c4 Nb4 10. Nf3 c5 11. g3 Qe6 12. Bg2 Be7 13. O-O Bb7 14. b3 O-O 15. Bb2 Rfe8 16. Rfe1 h6 17. Bc3 Bf8 18. Rad1 Ba8 19. Bxb4 Rxb4 20. Qd2 Rd8 21. Nh4 Rbb8 22. Bd5 Bxd5 23. cxd5 {Nepomniachtchi,I (2733)-Karjakin,S (2776) Moscow 2011 1-0 (39)}) 9. Qe3 Nd5 ({RR} 9... Ne6 10. Bd3 d5 11. exd6 cxd6 12. O-O Qd8 13. Nf3 Be7 14. Bd2 Bd7 15. Bc3 O-O 16. Rad1 Bf6 17. Qd2 Re8 18. Rfe1 Bxc3 19. Qxc3 Qf6 20. Qxf6 gxf6 21. c4 Rad8 22. Bc2 Bc8 23. g3 Ba6 24. b3 {Abdusattorov,N (2767)-Sindarov,J (2710) Tashkent UZB 2025 ½-½ (55)}) 10. Qe4 f6 11. c4 $146 ({RR} 11. exf6 Nxf6 12. Qxe7+ Bxe7 13. Bd3 O-O 14. O-O d5 15. Nb3 Bd6 16. h3 Nd7 17. Bd2 Ne5 18. Be3 a5 19. Nc5 Re8 20. Na4 Nxd3 21. cxd3 Ba6 22. Rfd1 c5 23. Bxc5 Bb5 24. Nc3 Bxc5 25. Nxb5 Rab8 {Fier,A (2595)-Gupta,A (2630) Cappelle la Grande 2014 ½-½ (34)}) 11... Nb4 12. Kd1 Qxe5 13. a3 Qxe4 14. Nxe4 Na6 15. b4 c5 16. b5 Bb7 17. Bd3 Nb8 18. Re1 Kf7 19. Nc3 Bd6 20. f4 Bxg2 21. Kc2 g6 22. Bb2 Bxf4 23. Re2 Bb7 24. Rf1 g5 25. h4 d6 26. hxg5 Be5 27. Ne4 Nd7 28. Nxf6 Nxf6 29. Bxe5 dxe5 30. Rxe5 1-0

[Event "45th Olympiad 2024"]
[Site "Budapest HUN"]
[Date "2024.09.13"]
[Round "3.20"]
[White "Garcia Pantoja, Roberto"]
[Black "Carlsen, Magnus"]
[Result "0-1"]
[WhiteElo "2550"]
[BlackElo "2832"]
[PlyCount "80"]
[EventDate "2024.09.11"]
[WhiteTeam "Colombia"]
[BlackTeam "Norway"]
[WhiteTeamCountry "COL"]
[BlackTeamCountry "NOR"]

1. e4 c5 2. Nf3 e6 3. d4 cxd4 4. Nxd4 a6 5. c4 Nf6 6. Nc3 Qc7 7. Be2 b6 8. O-O Bb7 9. f3 Nc6 10. Nxc6 Bxc6 11. Qd3 h5 12. Be3 Bd6 13. f4 Ng4 $146 ({RR} 13... Bb4 14. e5 Ng4 15. Bd4 d6 16. Bxg4 hxg4 17. a3 dxe5 18. fxe5 Be7 19. Qe3 f5 20. Bxb6 Qb7 21. Rf2 Bh4 22. Rd2 O-O 23. Bc5 f4 24. Qd3 f3 25. g3 Rad8 26. Qc2 Bg5 27. Rxd8 Rxd8 28. Rd1 {½-½ Miranda,R (2304)-Flores,D (2547) ProAm 100 Ani FADA 2022 (9.7)}) ({RR} 13... Bb4 14. e5 Ng4 15. Bd4 d6 16. Bxg4 hxg4 17. a3 dxe5 18. fxe5 Be7 19. Qe3 f5 20. Bxb6 Qb7 21. Rf2 Bh4 22. Rd2 O-O 23. Bc5 f4 24. Qd3 f3 25. g3 Rad8 26. Qc2 Bg5 27. Rxd8 Rxd8 28. Rd1 {Miranda,R (2304)-Flores,D (2547) Buenos Aires ARG 2022 ½-½ (38)}) 14. e5 Be7 15. Bd4 d6 16. exd6 Bxd6 17. Bf3 Bxf3 18. Qxf3 O-O 19. Ne4 Qxc4 20. Rad1 Be7 21. b3 Qb5 22. a4 Qb4 23. h3 Nh6 24. Bc3 Qxb3 25. Rd7 Nf5 26. Rfd1 Rad8 27. g4 Nh4 28. Qe2 Qxa4 29. R1d4 Qa3 30. Kh2 Rxd7 31. Rxd7 Rd8 32. Ra7 hxg4 33. hxg4 Ng6 34. f5 Bd6+ 35. Kg1 Qc1+ 36. Qe1 Bc5+ 37. Kg2 Nh4+ 38. Qxh4 Qg1+ 39. Kf3 Rd3+ 40. Ke2 Qd1# 0-1

[Event "45th Olympiad 2024"]
[Site "Budapest HUN"]
[Date "2024.09.16"]
[Round "6.3"]
[White "Carlsen, Magnus"]
[Black "Maghsoodloo, Parham"]
[Result "1/2-1/2"]
[WhiteElo "2832"]
[BlackElo "2723"]
[PlyCount "174"]
[EventDate "2024.09.11"]
[WhiteTeam "Norway"]
[BlackTeam "Iran"]
[WhiteTeamCountry "NOR"]
[BlackTeamCountry "IRI"]

1. e4 c6 2. d4 d5 3. e5 Bf5 4. Nd2 e6 5. Nb3 Nd7 6. Nf3 Ne7 7. Be2 h6 8. O-O Bh7 9. a4 a5 ({RR} 9... Nf5 10. a5 a6 11. c4 dxc4 12. Bxc4 Ne7 13. Qe2 Nd5 14. Nfd2 Nb4 15. Ne4 b5 16. axb6 Nxb6 17. f3 Nxc4 18. Qxc4 Qd5 19. Qc3 Qb5 20. Ra5 Qb6 21. Bd2 Be7 22. Rfa1 O-O 23. Qc4 Rab8 24. Nbc5 {0-1 Stukopin,A (2586)-Nyzhnyk,I (2610) Saint Louis Spring-C 2017 (4)}) ({RR} 9... Ng6 10. a5 Be7 11. c4 O-O 12. a6 b6 13. cxd5 cxd5 14. Be3 Rc8 15. Nc1 Nb8 16. Bb5 Nc6 17. Nd3 Na5 18. Qe2 Rc7 19. Rac1 Nc4 20. b3 Nxe3 21. Qxe3 Nh4 22. Nxh4 Bxd3 23. Qxd3 Bxh4 24. Qd2 {Nguyen,T (2577)-Hera,I (2610) Tornelo INT 2021 1-0 (39)}) 10. Bd2 Qb6 ({RR} 10... Nf5 11. c3 Qb6 12. g4 Ne7 13. Ne1 c5 14. Nxc5 Nxc5 15. dxc5 Qxc5 16. Bb5+ Nc6 17. Be3 Qe7 18. f4 Qc7 19. Bd3 Bg8 20. Nf3 f6 21. exf6 gxf6 22. Nd4 Bc5 23. Qf3 Qb6 24. Qf2 O-O-O 25. Rae1 {George,K (2288)-Yoo,C (2588) chess.com INT 2025 ½-½ (98)}) 11. Rc1 $146 ({RR} 11. h3 Be4 12. Ne1 Bh7 13. Rc1 Nf5 14. Nf3 Bb4 15. c3 Be7 16. Re1 O-O 17. Bd3 Bg6 18. Bf1 Rfd8 19. g3 Bh7 20. Kg2 c5 21. Bb5 cxd4 22. cxd4 Bf8 23. g4 Ne7 24. g5 h5 25. Nh4 Be4+ {1-0 Corrales Jimenez,F (2564)-Yoo,C (2616) 1000GM Labor Super Swiss 2024 (5.7)}) ({RR} 11. h3 Be4 12. Ne1 Bh7 13. Rc1 Nf5 14. Nf3 Bb4 15. c3 Be7 16. Re1 O-O 17. Bd3 Bg6 18. Bf1 Rfd8 19. g3 Bh7 20. Kg2 c5 21. Bb5 cxd4 22. cxd4 Bf8 23. g4 Ne7 24. g5 h5 25. Nh4 Be4+ {Corrales Jimenez,F (2564)-Yoo,C (2616) San Jose CA USA 2024 1-0 (55)}) 11... g5 12. Kh1 Ng6 13. Bd3 Bb4 14. Be3 Qc7 15. Nfd2 Nh4 16. Bxh7 Rxh7 17. c3 Be7 18. c4 Nf8 19. f4 Nf5 20. Bg1 gxf4 21. cxd5 exd5 22. Rxf4 Ng7 23. Qc2 h5 24. Rcf1 Nge6 25. Rf5 Qb6 26. Nb1 h4 27. h3 Rg7 28. Nc3 Bg5 29. Nd2 Qa6 30. R1f3 Rd8 31. Nf1 Rd7 32. Nh2 Qc4 33. b3 Qb4 34. Ne2 Ng6 35. Ng4 Ne7 36. Rf6 Qd2 37. Qxd2 Bxd2 38. Be3 Bxe3 39. Rxe3 c5 40. dxc5 d4 41. Rd3 Nc6 42. Rxe6+ fxe6 43. Nf6+ Kf8 44. Nxd7+ Rxd7 45. g3 Kg8 46. gxh4 Rd5 47. Kg2 Kh7 48. Rd2 Rxc5 49. Nxd4 Nxd4 50. Rxd4 b5 51. Kf3 Rxe5 52. Re4 Rf5+ 53. Ke3 bxa4 54. bxa4 Rh5 55. Rg4 Kh6 56. Kd4 Rd5+ 57. Kc4 Re5 58. Kd4 Rd5+ 59. Ke3 Rh5 60. Re4 Kg7 61. Kf3 Kf6 62. Kg4 Rh8 63. Rf4+ Kg6 64. Re4 Kf6 65. h5 Rg8+ 66. Kf3 Rg5 67. Rh4 Kg7 68. h6+ Kh7 69. Re4 Rh5 70. Kg4 Rxh6 71. Re5 Rg6+ 72. Kf4 Rf6+ 73. Kg3 Rg6+ 74. Kh2 Rf6 75. Rxa5 Rf3 76. Rg5 Ra3 77. a5 Kh6 78. h4 Ra4 79. Kg3 Ra3+ 80. Kf4 Ra4+ 81. Ke3 Rxh4 82. Re5 Kg7 83. a6 Ra4 84. Rxe6 Kf7 85. Rh6 Kg7 86. Rb6 Kf7 87. Kd3 Ke7 1/2-1/2

[Event "45th Olympiad 2024"]
[Site "Budapest HUN"]
[Date "2024.09.18"]
[Round "7.9"]
[White "Dragnev, Valentin"]
[Black "Carlsen, Magnus"]
[Result "0-1"]
[WhiteElo "2556"]
[BlackElo "2832"]
[PlyCount "80"]
[EventDate "2024.09.11"]
[WhiteTeam "Austria"]
[BlackTeam "Norway"]
[WhiteTeamCountry "AUT"]
[BlackTeamCountry "NOR"]

1. e4 d6 2. d4 Nf6 3. Nc3 e5 4. Nf3 Nbd7 5. Bc4 Be7 6. O-O O-O 7. a4 c6 8. h3 h6 9. Be3 Re8 10. a5 ({RR} 10. Ba2 exd4 11. Bxd4 Nf8 12. Re1 Be6 13. Qb1 Qa5 14. Be3 Qh5 15. Nd4 Bxa2 16. Qxa2 Bd8 17. Nf5 Bc7 18. Bd4 N8h7 19. Qb3 d5 20. Qxb7 Bf4 21. Qxc6 dxe4 22. Ne7+ Kh8 23. Ned5 Rac8 24. Nxf4 Qf5 {1-0 Demchenko,A (2641)-Ivanisevic,I (2604) PNWCC Online blitz JP 8th 2020 (9)}) ({RR} 10. Qd3 exd4 11. Bxd4 Nf8 12. Rad1 Be6 13. Rfe1 Bxc4 14. Qxc4 Ne6 15. Bxf6 Bxf6 16. e5 d5 17. Qg4 Be7 18. Ne2 Qa5 19. Ned4 Qxa4 20. b3 Qb4 21. c3 Qxc3 22. Nxe6 fxe6 23. Qxe6+ Kh8 24. Qd7 Qb4 {Vasilevich,T (2625)-Draskovic,L (2770) Chess.com 2024 1-0 (61)}) 10... exd4 11. Qxd4 Bf8 $146 ({RR} 11... Nc5 12. e5 dxe5 13. Qxd8 Rxd8 14. Bxc5 Bxc5 15. Nxe5 Rf8 16. Rfd1 Bf5 17. Bb3 Rac8 18. Ra4 Rc7 19. Rf4 Bh7 20. Ng4 Nxg4 21. hxg4 Re8 22. Na4 Bf8 23. Rfd4 Bg6 24. Rd7 Rec8 25. f4 Be4 26. Bxf7+ {1-0 Otero Marino,A (2280)-Yedidia,J (2361) Titled Tue 25th Jun Early 2024 (2)}) ({RR} 11... Nc5 12. e5 dxe5 13. Qxd8 Rxd8 14. Bxc5 Bxc5 15. Nxe5 Rf8 16. Rfd1 Bf5 17. Bb3 Rac8 18. Ra4 Rc7 19. Rf4 Bh7 20. Ng4 Nxg4 21. hxg4 Re8 22. Na4 Bf8 23. Rfd4 Bg6 24. Rd7 Rec8 25. f4 Be4 26. Bxf7+ {Otero Marino,A (2280)-Yedidia,J (2361) chess.com INT 2024 1-0 (38)}) ({RR} 11... Nf8 12. Rfd1 Be6 13. Bxe6 Nxe6 14. Qc4 Qc8 15. Nd4 Bf8 16. Nf5 Qc7 17. b4 Nd7 18. Qb3 Ng5 19. Bf4 Ne5 20. Bg3 Ne6 21. Ne3 Ng6 22. Rd2 Nef4 23. Rad1 Re6 24. Nf5 Rae8 25. Kh1 Qd7 26. Kh2 {Mitusov,S (2478)-Amar,E (2600) Bergen NOR 2025 ½-½ (37)}) 12. Rfe1 Qc7 13. Bf4 Ne5 14. Be2 Bd7 15. Bg3 a6 16. Bh4 Re6 17. Nxe5 Rxe5 18. b4 Rae8 19. Bg3 c5 20. Qd1 cxb4 21. Bxe5 dxe5 22. Nd5 Nxd5 23. exd5 e4 24. Bg4 f5 25. Bh5 Rc8 26. d6 Qc5 27. c3 bxc3 28. Qb3+ Qc4 29. Qxb7 Qe6 30. Qxa6 Bxd6 31. Qa7 c2 32. a6 Bf4 33. Qb7 Rb8 34. Qa7 Qd6 35. Be2 Be6 36. Bf1 Kh7 37. Rec1 Bxc1 38. Rxc1 Rb1 39. Qe3 Qd1 40. a7 Qxc1 0-1